000 00287nam a2200121Ia 4500
008 240731s9999 xx 000 0 und d
022 _a1600-082X
245 0 _aScando-Slavica
260 _bRoutledge
856 _uhttps://www.tandfonline.com/loi/ssla20
942 _2ddc
942 _cTFEJ
999 _c79335
_d79335
945 _a1
_bMadushi Gamage
_c1
_dMadushi Gamage